चौकोनी आकाश (Record no. 87291)

MARC details
000 -LEADER
fixed length control field 00476nam a2200157Ia 4500
008 - FIXED-LENGTH DATA ELEMENTS--GENERAL INFORMATION
fixed length control field 090124s9999 xx 000 0 und d
082 ## - DEWEY DECIMAL CLASSIFICATION NUMBER
Item number 12893
245 ## - TITLE STATEMENT
Title चौकोनी आकाश
250 ## - EDITION STATEMENT
Edition statement 1
260 ## - PUBLICATION, DISTRIBUTION, ETC. (IMPRINT)
Name of publisher, distributor, etc सुविचार प्रकाशन मंडळ
Date of publication, distribution, etc 1974
300 ## - PHYSICAL DESCRIPTION
Extent 134
630 ## - SUBJECT ADDED ENTRY--UNIFORM TITLE
Uniform title चौकोनी आकाश
700 ## - ADDED ENTRY--PERSONAL NAME
Personal name तेंडूलकर रमेश अ.
730 ## - ADDED ENTRY--UNIFORM TITLE
Uniform title चौकोनी आकाश
942 ## - ADDED ENTRY ELEMENTS (KOHA)
Koha item type Book
Holdings
Withdrawn status Lost status Damaged status Not for loan Home library Current library Date acquired Cost, normal purchase price Total Checkouts Full call number Barcode Date last seen Cost, replacement price Price effective from Koha item type
  Missing from bundle     Nagar Wachan Mandir, Thane Nagar Wachan Mandir, Thane   12.00   12893 THNNWM-12893 01/24/2009 12.00 01/24/2009 Book